|
|
|
|
| LEADER |
00000nab a2200000 a 4500 |
| 001 |
vtls008993835 |
| 003 |
SK-MaSNL |
| 005 |
20260304041134.0 |
| 008 |
070529|2007 xo wrz r 000 0 slo |
| 015 |
|
|
|a SNBRB2007/05
|2 kevkjb
|
| 038 |
|
|
|a KEVKJB
|
| 040 |
|
|
|a KEVKJB
|b slo
|c KEVKJB
|e AACR2
|
| 041 |
0 |
|
|a slo
|
| 044 |
|
|
|a xo
|c SK
|
| 080 |
|
|
|a 908(620)
|2 2001
|
| 100 |
1 |
|
|a Mikláš, Andrej
|4 aut
|9 1322783
|
| 245 |
1 |
0 |
|a Egypt nie sú len pyramídy -
|b vyberte sa spoznať krajinu tajomstiev
|c Andrej Mikláš
|
| 300 |
|
|
|b Obr.
|
| 650 |
0 |
7 |
|a turistické zaujímavosti
|2 SNKPH
|9 73869
|
| 651 |
|
7 |
|a Egypt
|2 kevkjb
|9 16952
|
| 655 |
|
7 |
|a cestopisné reportáže
|z Egypt
|2 kevkjb
|9 1322784
|
| 773 |
0 |
|
|t Markíza
|g Roč. X, č. 22 (2007), s. 84-86
|x 1335-2776
|
| 852 |
|
|
|a KEVKJB
|b KIS3GCP
|
| 856 |
4 |
1 |
|u www.markiza.sk
|
| 958 |
|
|
|a EG
|
| 999 |
|
|
|c 2666821
|d 2668751
|